000
00207 a2200097 4500
001
32631
100
_a
Terraine, J
245
_a
Lord Mountbatten
260
_a
London
_b
Arrow Books
_c
090
_c
21844
_d
21844
942
_a
NUST-CAE
_c
M
_c
13163
999
_c
267704
_d
267704